000
00308nam a2200121Ia 4500
008
190216s9999||||xx |||||||||||||| ||und||
100
_a
Ahuja B N & Mahindru
245
0
_a
Financial Management And Corporate Finance
260
_b
Verma Brothers
_c
1972
300
_a
415p
650
_a
Commerce
942
_c
BK
999
_c
4403
_d
4403